| 000 | 00746nam a2200241 i 4500 | ||
|---|---|---|---|
| 001 | bg | ||
| 100 | 1 | _aJABŁOŃSKI, Paweł | |
| 245 | 1 | 0 |
_aMetoda elementów brzegowych w analizie pola elektromagnetycznego / _cPaweł Jabłoński ; Politechnika Częstochowska. |
| 260 |
_aCzęstochowa : _bWydaw. PC, _c2003. |
||
| 300 |
_a342 s. : _bil. ; _c24 cm. |
||
| 504 | _aBibliogr. | ||
| 650 | 9 | _aMetody i |zagadnienia brzegowe | |
| 650 | 9 |
_aPole elektromagnetyczne _xmatematyka |
|
| 655 | _aPodręczniki akademickie | ||
| 710 | 0 | _aPolitechnika Częstochowska | |
| 020 | _a8371931999 | ||
| 040 | _cBPK | ||
| 041 | 0 | _apol | |
| 080 | _a537.8:517.9](075.8) | ||
| 920 | _a83-7193-199-9 | ||
| 942 | _cKS | ||
| 008 | s pl f |000 0 pol | ||
| 999 |
_c43973 _d43973 |
||
| 856 |
_uhttp://koha.tu.koszalin.pl/cgi-bin/koha/opac-detail.pl?biblionumber=43973 _yKatalog online BPK |
||